| 000 | 01376cam a2200349Ia 4500 | ||
|---|---|---|---|
| 001 | 9780203123478 | ||
| 003 | BD-DhSAU | ||
| 005 | 20151012151717.0 | ||
| 006 | m|||||o||d|||||||| | ||
| 007 | cr|||| | ||
| 008 | 131028s2013 nyua ob 001 0 eng d | ||
| 020 | _a9780203123478 (e-book : PDF) | ||
| 040 |
_aBD-DhSAU _cBD-DhSAU |
||
| 043 | _an-us--- | ||
| 090 |
_aNA2543.S6 _bH56 2013 |
||
| 092 |
_a728 _bH665 |
||
| 100 | 1 |
_aHinson, David _q(David W.) |
|
| 245 | 1 | 0 |
_aDesigned for habitat _h[electronic resource] : _bcollaborations with Habitat for Humanity / _cDavid Hinson and Justin Miller. |
| 246 | 3 | 0 | _aCollaborations with Habitat for Humanity |
| 260 |
_aNew York : _bRoutledge, _c2013. |
||
| 300 |
_axxv, 277 p. : _bill. (chiefly col.). |
||
| 504 | _aIncludes bibliographical references (p. 263-267) and index. | ||
| 505 | 0 | _agroup 1. Collaborations with architecture schools -- group 2. Collaborations with architects. | |
| 530 | _aAlso available in print edition. | ||
| 538 | _aMode of access: World Wide Web. | ||
| 650 | 0 |
_aArchitects and community _zUnited States. |
|
| 610 | 2 | 0 | _aHabitat for Humanity International, Inc. |
| 655 | 7 |
_aElectronic books. _2lcsh |
|
| 700 | 1 | _aMiller, Justin. | |
| 776 | 1 |
_z9780415891080 (hardback : alk. paper) _z9780415891097 (pbk. : alk. paper) |
|
| 856 | 4 | 0 | _uhttp://www.tandfebooks.com/isbn/9780203123478 |
| 999 |
_c12306 _d12305 |
||